000 00311nam a2200109 a 4500
001 000013769
005 20200929163336.0
008 091130s1999 dr abd 000 0 spa d
040 _aDO-SdBNP
_bspa
_cBNPHU
245 1 0 _aLengua y literatura :
_beducación básica.
260 _aSanto Domingo :
_bEditora Taller,
_c1999.
999 _c13381
_d13381